| 000 | 01136cam a2200301 i 4500 | ||
|---|---|---|---|
| 001 | 53191 | ||
| 003 | Mx-PuUPA | ||
| 005 | 20230302094916.0 | ||
| 008 | 140415s2008 mx gr 000 0 spa d | ||
| 020 | _a9786074550252 | ||
| 040 |
_aMX-PuUPA _bspa _erda _cMx-PuUPA _dMx-PuUPA |
||
| 041 | 0 | _aspa | |
| 100 | 1 |
_aAchim, Miruna, _d1970- _eautor _96551 |
|
| 245 | 1 | 0 |
_aLagartijas medicinales : _bremedios americanos y debates científicos en la ilustración / _cMiruna Achim |
| 250 | _aPrimera edición | ||
| 264 | 1 |
_aMéxico, D.F. : _bDirección General de Publicaciones : _bConsejo Nacional para la Cultura y las Artes, _c2008 |
|
| 300 |
_a573 páginas ; _c23 cm |
||
| 336 |
_atexto _2rdacontent _btxt |
||
| 337 |
_asin medio _2rdamedia _bn |
||
| 338 |
_avolumen _2rdacarrier _bnc |
||
| 650 | 7 |
_aAntropología médica _2armarc |
|
| 650 | 7 |
_aMedicina indígena _ySiglo XVIII _zMéxico _2armarc |
|
| 650 | 7 |
_aIndígenas de México _xMedicina _ySiglo XVIII _2armarc |
|
| 942 |
_2ddc _cLI _h306.4610972 _iA175 |
||
| 999 |
_c53191 _d53191 |
||